| 000 | 00592nam a22001577a 4500 | ||
|---|---|---|---|
| 999 |
_c509260 _d509260 |
||
| 005 | 20190429111421.0 | ||
| 008 | 180806b ||||| |||| 00| 0 eng d | ||
| 040 | _c | ||
| 082 | _aT19065x54 B/1950-51-1980-81 | ||
| 100 |
_aIndia. Ministry of Planning. Central Statistical Organisation _9195 |
||
| 245 |
_aBasic statistics relating to the Indian economy, 1950-51- 1980-81 _bby Cental Statistical Organisation, Ministry of Planning |
||
| 260 |
_aDelhi _bController of Publications _c1982 |
||
| 300 | _a171p. | ||
| 500 | _aLibrary has 1950-51-1979-80 1986,1988, 1989, 1991 | ||
| 942 |
_2ddc _cGG |
||